Corporate Crimes And Financial Frauds (Record no. 334061)

MARC details
000 -LEADER
fixed length control field 00516nam a2200169Ia 4500
008 - FIXED-LENGTH DATA ELEMENTS--GENERAL INFORMATION
fixed length control field 230718s9999 xx 000 0 und d
020 ## - INTERNATIONAL STANDARD BOOK NUMBER
International Standard Book Number 9788172737122
041 ## - LANGUAGE CODE
Language code of text/sound track or separate title eng
082 ## - DEWEY DECIMAL CLASSIFICATION NUMBER
Classification number 364.16'80
Item number SHA
100 ## - MAIN ENTRY--PERSONAL NAME
Personal name Sharma S.
9 (RLIN) 106416
245 ## - TITLE STATEMENT
Title Corporate Crimes And Financial Frauds
Remainder of title With Biggest Financial Frauds In The History Of India
260 ## - PUBLICATION, DISTRIBUTION, ETC. (IMPRINT)
Date of publication, distribution, etc. 2013
Name of publisher, distributor, etc. Authorspress
300 ## - PHYSICAL DESCRIPTION
Extent 225
365 ## - TRADE PRICE
Currency code Rs.
Price amount 700.00
700 ## - ADDED ENTRY--PERSONAL NAME
Personal name Sharma S.
9 (RLIN) 106416
906 ## - LOCAL DATA ELEMENT F, LDF (RLIN)
d O:0354525-Nov-2013B:430211-Oct-2013
c GENRL
b 154
Holdings
Withdrawn status Lost status Damaged status Not for loan Home library Current library Date acquired Vendor Budget Code Cost, normal purchase price Bill number Total Checkouts Full call number Barcode Date last seen Discount Cost, replacement price Bill Date Koha item type Original Barcode
        Cummins College of Engineering for Women Pune Cummins College of Engineering for Women Pune 19/11/2013 Technical Book Services GENRL 546.00 4302   364.16'80 CCEP-BK-45268 18/07/2023 154 700.00 11/10/2013 Books 045268